[Event "Arco op 37th"]
[Site "Arco"]
[Date "2015.10.17"]
[Round "8"]
[White "De Marinis, Marcello"]
[Black "Perman, Denis"]
[Result "0-1"]
[WhiteElo "1741"]
[BlackElo "1911"]
[PlyCount "74"]
[EventDate "2015.10.10"]
[EventType "swiss"]
[EventRounds "9"]
[EventCountry "ITA"]
[SourceTitle "CBM 168 Extra"]
[Source "ChessBase"]
[SourceDate "2015.10.29"]
[SourceVersion "1"]
[SourceVersionDate "2015.10.29"]
[SourceQuality "1"]

1. d4 f5 2. g3 g6 3. Bg2 Bg7 4. Nf3 d6 5. c4 Nf6 6. Nc3 0-0 7. 0-0 Qe8 8. Qb3 Kh8 9. Bf4 h6 10. Rad1 g5 11. Bc1 e5 12. dxe5 dxe5 13. Nd5 Nxd5 14. cxd5 f4 15. e4 Qh5 16. Rd3 b6 17. d6 Ba6 18. Rfd1 Bxd3 19. Qxd3 cxd6 20. Qxd6 fxg3 21. fxg3 Kh7 22. Rf1 Na6 23. Nxe5 Rad8 24. Qa3 Rxf1+ 25. Bxf1 Rf8 26. Qxa6 Bxe5 27. Qxa7+ Rf7 28. Be2 Bd4+ 29. Kh1 Rxa7 30. Bxh5 Rxa2 31. Kg2 Bxb2 32. Bf7 Ra7 33. Bxb2 Rxf7 34. h3 Kg6 35. g4 b5 36. Bc3 Rc7 37. Ba1 b4 0-1

[Event "Amantea op-B 8th"]
[Site "Amantea"]
[Date "2010.09.02"]
[Round "5"]
[White "De Marinis, Marcello"]
[Black "Ielapi, Vito"]
[Result "1-0"]
[WhiteElo "1774"]
[BlackElo "1829"]
[PlyCount "47"]
[EventDate "2010.08.29"]
[EventType "swiss"]
[EventRounds "9"]
[EventCountry "ITA"]
[SourceTitle "CBM 138 Extra"]
[Source "ChessBase"]
[SourceDate "2010.10.29"]
[SourceVersion "1"]
[SourceVersionDate "2010.10.29"]
[SourceQuality "1"]

1. a3 b6 2. c4 Bb7 3. Nc3 Nf6 4. d3 d5 5. cxd5 Nxd5 6. Nf3 e6 7. e3 Be7 8. Be2 0-0 9. 0-0 c5 10. Bd2 Nd7 11. e4 N5f6 12. Rc1 h6 13. h3 Bd6 14. Nb5 Bb8 15. Qc2 a6 16. Nc3 Qc7 17. Bd1 Nh7 18. Ne2 Ndf6 19. Bf4 Qe7 20. Ne5 Rd8 21. Qc3 Ba7 22. Ng3 Nd7 23. Ng4 g5 24. Nxh6+ 1-0